Influencer-Marketing Informationspflichten bei Werbung durch Meinungsführer in Social Media

Saved in:
Bibliographic Details
Main Author: Fries, Peter J.
Format: Book
Language:German
Published: Wiesbaden Springer 2019
Series:Juridicum - Schriften zum Medien-, Informations- und Datenrecht
Subjects:
Tags: Add Tag
No Tags, Be the first to tag this record!

MARC

LEADER 00000nam a2200000 4500
001 0277309
005 20240221112830.0
020 |a 978-3-658-25783-5 
020 |a 978-3-658-25784-2 
041 0 |a ger 
044 |a DE 
245 1 0 |a Influencer-Marketing  |b Informationspflichten bei Werbung durch Meinungsführer in Social Media  |c Peter J. Fies 
264 1 |a Wiesbaden  |b Springer  |c 2019 
300 |a 223 s. 
490 1 |a Juridicum - Schriften zum Medien-, Informations- und Datenrecht 
830 0 |a Juridicum - Schriften zum Medien-, Informations- und Datenrecht 
610 2 0 |a marketing 
610 2 0 |a reklama 
610 2 0 |a médiá sociálne 
610 2 0 |a informácie 
610 2 0 |a regulácia 
610 2 0 |a právo 
100 1 |a Fries, Peter J.